[Event "Goetzis IM III A"]
[Site "?"]
[Date "1996.??.??"]
[Round "1"]
[White "Dorner, G."]
[Black "Sonnberger, R."]
[Result "0-1"]
[WhiteElo "2180"]
[BlackElo "2230"]
[PlyCount "74"]
[EventDate "1996.??.??"]

1. e4 e5 2. Nf3 Nf6 3. d4 Nxe4 4. Bd3 d5 5. dxe5 Nc6 6. O-O Be7 7. Qe2 Nc5 8.
Bf4 Nxd3 9. Qxd3 O-O 10. Nc3 Nb4 11. Qd2 c6 12. a3 Na6 13. Rad1 Bg4 14. b4 Nc7
15. Qe2 a5 16. Rb1 axb4 17. axb4 Ne6 18. Bc1 Nd4 19. Qd3 Nxf3+ 20. gxf3 Bh3 21.
Rd1 Qd7 22. Qe2 Qf5 23. Kh1 f6 24. Rg1 fxe5 25. f4 Bf6 26. Nd1 exf4 27. Rb3 Qe6
28. Qh5 Bf5 29. Bxf4 Be4+ 30. f3 Bxc2 31. Re3 Qf5 32. Bg5 Bxd1 33. Bxf6 Rxf6
34. Qxf5 Rxf5 35. Rxd1 Ra2 36. b5 Rh5 37. bxc6 bxc6 0-1

[Event "Goetzis IM III A"]
[Site "?"]
[Date "1996.??.??"]
[Round "1"]
[White "Gaertner, G."]
[Black "Mittelberger, P."]
[Result "1-0"]
[WhiteElo "2380"]
[BlackElo "2265"]
[PlyCount "93"]
[EventDate "1996.??.??"]

1. d4 Nf6 2. c4 g6 3. Nc3 Bg7 4. e4 d6 5. h3 e5 6. d5 O-O 7. Be3 a5 8. Bd3 Na6
9. Nge2 Bd7 10. a3 Nc5 11. Bc2 a4 12. O-O h5 13. f4 exf4 14. Bxc5 dxc5 15. e5
Nh7 16. e6 fxe6 17. Nxf4 Bd4+ 18. Kh1 exd5 19. Bxg6 Qg5 20. Nce2 Rf6 21. Nxd4
cxd4 22. Bxh7+ Kxh7 23. Nxd5 Rxf1+ 24. Qxf1 Qf5 25. Qxf5+ Bxf5 26. Rf1 Bg6 27.
Re1 c6 28. Re7+ Kh6 29. Nf4 Rf8 30. g3 h4 31. Re6 Rg8 32. gxh4 Kh7 33. Re7+ Kh6
34. Re6 Kh7 35. c5 Bf5 36. Rd6 d3 37. Kh2 Re8 38. Kg3 Re4 39. Nxd3 Re3+ 40. Kf4
Rxd3 41. Kxf5 Rb3 42. Rd4 Rxb2 43. Rxa4 Rb5 44. Rc4 b6 45. Ke6 bxc5 46. Kd6 Ra5
47. a4 1-0

[Event "Goetzis IM III A"]
[Site "?"]
[Date "1996.??.??"]
[Round "1"]
[White "Poettinger, H."]
[Black "Eiler, G."]
[Result "1-0"]
[WhiteElo "2255"]
[BlackElo "2080"]
[PlyCount "81"]
[EventDate "1996.??.??"]

1. e4 c5 2. d3 g6 3. g3 Bg7 4. Bg2 Nc6 5. Nc3 Rb8 6. Be3 d6 7. Qd2 b5 8. Nf3 b4
9. Nd1 e5 10. h4 h5 11. O-O Nh6 12. Nh2 Ng4 13. Nxg4 Bxg4 14. f3 Be6 15. Nf2
O-O 16. Nh3 Bxh3 17. Bxh3 Kh7 18. Rf2 Qe7 19. Kh2 Nd4 20. Raf1 Ne6 21. Qd1 Rb7
22. Bc1 Bh6 23. Bxe6 Qxe6 24. Bxh6 Kxh6 25. f4 exf4 26. Rxf4 Qxa2 27. Qc1 Kg7
28. Rf6 Rd7 29. b3 Qa5 30. Qf4 Qd8 31. g4 hxg4 32. h5 Qe7 33. hxg6 Rh8+ 34. Kg2
fxg6 35. Qxg4 Rh6 36. R1f4 Rb7 37. Re6 Qd8 38. Qg3 Rf7 39. Rxf7+ Kxf7 40. Rxd6
Qe7 41. Rc6 1-0

[Event "Goetzis IM III A"]
[Site "?"]
[Date "1996.??.??"]
[Round "1"]
[White "Sulava, N."]
[Black "Kelecevic, N."]
[Result "1/2-1/2"]
[WhiteElo "2430"]
[BlackElo "2475"]
[PlyCount "28"]
[EventDate "1996.??.??"]

1. d4 Nf6 2. c4 e6 3. Nc3 d5 4. Nf3 c5 5. cxd5 Nxd5 6. e4 Nxc3 7. bxc3 cxd4 8.
cxd4 Bb4+ 9. Bd2 Bxd2+ 10. Qxd2 O-O 11. Bc4 Nc6 12. O-O Ne7 13. Rad1 b6 14.
Rfe1 Bb7 1/2-1/2

[Event "Goetzis IM III A"]
[Site "?"]
[Date "1996.??.??"]
[Round "1"]
[White "Zsinka, L."]
[Black "Donev, I."]
[Result "0-1"]
[WhiteElo "2325"]
[BlackElo "2400"]
[PlyCount "118"]
[EventDate "1996.??.??"]

1. d4 d5 2. c4 e6 3. Nc3 Be7 4. cxd5 exd5 5. Bf4 c6 6. e3 Bf5 7. Nge2 Nd7 8.
Ng3 Bg6 9. Be2 Ngf6 10. h4 h6 11. Bd3 Nf8 12. Nf5 Ne6 13. Be5 Bxf5 14. Bxf5 Bd6
15. f4 Qe7 16. g4 O-O-O 17. Qa4 g6 18. Bxe6+ Qxe6 19. Bxf6 Qxf6 20. O-O-O Rhe8
21. Rd3 h5 22. g5 Qf5 23. Qc2 Rd7 24. Rf1 Qh3 25. Qf2 Rde7 26. Nd1 Kb8 27. Kc2
Re4 28. Qf3 Qf5 29. a3 c5 30. dxc5 Bxc5 31. Kd2 d4 32. exd4 Bd6 33. Qh3 Bxf4+
34. Kc2 Qxh3 35. Rxh3 Rxd4 36. Rd3 Re2+ 37. Kc3 Rxd3+ 38. Kxd3 Rd2+ 39. Ke4 Bg3
40. Ke3 Rd7 41. Nc3 Bxh4 42. Ne4 Rd5 43. Rg1 Rf5 44. b4 a5 45. bxa5 Rxa5 46.
Kf4 Rf5+ 47. Ke3 Ka7 48. Rg2 Ra5 49. Kf4 Rxa3 50. Ke5 Be1 51. Kf6 Rf3+ 52. Kg7
b5 53. Nf6 b4 54. Kxf7 b3 55. Kxg6 Rf2 56. Rg1 Re2 57. Nd5 b2 58. Rxe1 Rxe1 59.
Nc3 h4 0-1

[Event "Goetzis IM III A"]
[Site "?"]
[Date "1996.??.??"]
[Round "2"]
[White "Donev, I."]
[Black "Sulava, N."]
[Result "1/2-1/2"]
[WhiteElo "2400"]
[BlackElo "2430"]
[PlyCount "24"]
[EventDate "1996.??.??"]

1. d4 Nf6 2. Nf3 d5 3. c4 c6 4. cxd5 cxd5 5. Nc3 Nc6 6. Bf4 Bf5 7. e3 e6 8. Bb5
Nd7 9. O-O Rc8 10. Rc1 a6 11. Bxc6 Rxc6 12. Qd2 Qc8 1/2-1/2

[Event "Goetzis IM III A"]
[Site "?"]
[Date "1996.??.??"]
[Round "2"]
[White "Eiler, G."]
[Black "Kelecevic, N."]
[Result "0-1"]
[WhiteElo "2080"]
[BlackElo "2475"]
[PlyCount "78"]
[EventDate "1996.??.??"]

1. d4 Nf6 2. Nf3 e6 3. Bg5 c5 4. e3 cxd4 5. exd4 Be7 6. Bd3 O-O 7. c3 b6 8.
Nbd2 Bb7 9. Qe2 a6 10. O-O d6 11. Rac1 b5 12. Ne1 Nbd7 13. f4 Re8 14. Bb1 Qb6
15. Kh1 Bf8 16. Nd3 Rac8 17. Nf2 g6 18. Nfe4 Bg7 19. Nxf6+ Nxf6 20. Nf3 Nd5 21.
Nd2 Qc7 22. Qf2 f5 23. Rce1 h6 24. Bh4 Qf7 25. Re2 e5 26. dxe5 dxe5 27. fxe5
Rxe5 28. Rxe5 Bxe5 29. Nf3 Bg7 30. Qd2 Nb6 31. Re1 Re8 32. Qd6 Nc4 33. Rxe8+
Qxe8 34. Qd8 Qxd8 35. Bxd8 Nxb2 36. Nd4 Nd1 37. Bc2 Ne3 38. Bb3+ Kh7 39. Bb6
Nxg2 0-1

[Event "Goetzis IM III A"]
[Site "?"]
[Date "1996.??.??"]
[Round "2"]
[White "Mittelberger, P."]
[Black "Zsinka, L."]
[Result "1/2-1/2"]
[WhiteElo "2265"]
[BlackElo "2325"]
[PlyCount "109"]
[EventDate "1996.??.??"]

1. e4 c5 2. Nf3 Nf6 3. Nc3 e6 4. d4 d5 5. exd5 Nxd5 6. Nxd5 Qxd5 7. Be3 cxd4 8.
Qxd4 Qa5+ 9. Bd2 Qc7 10. O-O-O Nc6 11. Bb5 Bd7 12. Qc3 Rc8 13. Be3 a6 14. Ba4
b5 15. Bb3 Na5 16. Qxc7 Nxb3+ 17. axb3 Rxc7 18. Bb6 Rb7 19. Ne5 f6 20. Nxd7
Rxd7 21. c3 Bd6 22. Kc2 Ke7 23. Rd3 Rb8 24. Be3 Bc7 25. Bc5+ Ke8 26. Ra1 Rxd3
27. Kxd3 a5 28. h3 Kd7 29. Re1 Kc6 30. Be3 Rd8+ 31. Kc2 e5 32. f3 f5 33. Bf2
Re8 34. Bg3 Re6 35. Re2 Kd5 36. Rd2+ Kc6 37. Re2 Bd6 38. Bh2 g6 39. Bg3 h5 40.
Bh2 g5 41. g4 hxg4 42. hxg4 fxg4 43. fxg4 Kd5 44. Bg1 e4 45. Bb6 a4 46. c4+
bxc4 47. bxa4 Bf4 48. a5 e3 49. Kc3 Ke4 50. Bxe3 Bxe3 51. Kxc4 Kf3 52. Re1 Kxg4
53. b4 Re4+ 54. Kd3 Rxb4 55. Kxe3 1/2-1/2

[Event "Goetzis IM III A"]
[Site "?"]
[Date "1996.??.??"]
[Round "2"]
[White "Sonnberger, R."]
[Black "Gaertner, G."]
[Result "1/2-1/2"]
[WhiteElo "2230"]
[BlackElo "2380"]
[PlyCount "94"]
[EventDate "1996.??.??"]

1. e4 c5 2. Nf3 e6 3. d4 cxd4 4. Nxd4 Nf6 5. Nc3 Nc6 6. Ndb5 Bb4 7. a3 Bxc3+ 8.
Nxc3 d5 9. exd5 exd5 10. Bd3 O-O 11. O-O d4 12. Ne4 Bf5 13. Bg5 Bxe4 14. Bxe4
h6 15. Bxf6 Qxf6 16. Re1 Rad8 17. Qf3 Qxf3 18. Bxf3 Na5 19. b4 Nc6 20. Bxc6
bxc6 21. Rad1 Rd5 22. Kf1 a5 23. Re4 axb4 24. axb4 Rfd8 25. Ke2 f5 26. Re6 Rc8
27. Re7 Ra8 28. Rc7 Rd6 29. Rd3 Ra1 30. Kd2 Rf1 31. Ke2 Ra1 32. Kd2 f4 33. Rf3
Ra2 34. g3 Rb2 35. gxf4 Rxb4 36. Rg3 g6 37. f5 g5 38. f4 d3 39. fxg5 dxc2+ 40.
Kxc2 hxg5 41. Rxg5+ Kf8 42. Rh5 Kg8 43. h4 Rdd4 44. Rg5+ Kf8 45. Rxc6 Rbc4+ 46.
Rxc4 Rxc4+ 47. Kd3 Rxh4 1/2-1/2

[Event "Goetzis IM III A"]
[Site "?"]
[Date "1996.??.??"]
[Round "3"]
[White "Dorner, G."]
[Black "Eiler, G."]
[Result "1/2-1/2"]
[WhiteElo "2180"]
[BlackElo "2080"]
[PlyCount "34"]
[EventDate "1996.??.??"]

1. e4 c5 2. Nf3 d6 3. d4 cxd4 4. Nxd4 Nf6 5. Nc3 g6 6. Be2 Bg7 7. O-O O-O 8.
Be3 Nc6 9. Qd2 Ng4 10. Bxg4 Bxg4 11. f4 Nxd4 12. Bxd4 e5 13. Be3 exf4 14. Rxf4
Be6 15. Rf2 Be5 16. Bd4 Qe7 17. Rd1 Rfd8 1/2-1/2

[Event "Goetzis IM III A"]
[Site "?"]
[Date "1996.??.??"]
[Round "3"]
[White "Gaertner, G."]
[Black "Poettinger, H."]
[Result "1-0"]
[WhiteElo "2380"]
[BlackElo "2255"]
[PlyCount "89"]
[EventDate "1996.??.??"]

1. d4 d5 2. c4 e6 3. Nc3 Be7 4. cxd5 exd5 5. Bf4 c6 6. e3 Bf5 7. Nge2 Nd7 8.
Ng3 Bg6 9. Qd2 h5 10. Bd3 h4 11. Bxg6 hxg3 12. Bd3 gxf2+ 13. Qxf2 Bh4 14. g3
Bg5 15. O-O Bxf4 16. Qxf4 Ndf6 17. Rae1 Nh6 18. b4 a6 19. a3 O-O 20. Qg5 Ne8
21. Qh5 Qd7 22. Rf4 f5 23. Ref1 Nd6 24. Nd1 Qe6 25. g4 fxg4 26. Rxf8+ Rxf8 27.
Bh7+ Kxh7 28. Rxf8 Ndf7 29. Qh4 Qg6 30. Nf2 Ng5 31. Nxg4 Ne6 32. Rb8 Qxg4+ 33.
Qxg4 Nxg4 34. Rxb7 Kg6 35. Rb6 Nxe3 36. Rxc6 Kf6 37. Rxa6 Ke7 38. b5 Kd7 39. a4
Nf5 40. a5 Nfxd4 41. Ra7+ Kd6 42. b6 Nc6 43. Ra8 Nc5 44. a6 Nd7 45. Rb8 1-0

[Event "Goetzis IM III A"]
[Site "?"]
[Date "1996.??.??"]
[Round "3"]
[White "Kelecevic, N."]
[Black "Donev, I."]
[Result "1/2-1/2"]
[WhiteElo "2475"]
[BlackElo "2400"]
[PlyCount "35"]
[EventDate "1996.??.??"]

1. d4 Nf6 2. c4 g6 3. Nc3 Bg7 4. e4 d6 5. f3 O-O 6. Bg5 h6 7. Be3 c5 8. dxc5
dxc5 9. Qxd8 Rxd8 10. Bxc5 Nc6 11. Nge2 b6 12. Ba3 e6 13. Rd1 Bb7 14. Nb5 Rxd1+
15. Kxd1 Rd8+ 16. Ke1 Bf8 17. Bxf8 Kxf8 18. b3 1/2-1/2

[Event "Goetzis IM III A"]
[Site "?"]
[Date "1996.??.??"]
[Round "3"]
[White "Zsinka, L."]
[Black "Sonnberger, R."]
[Result "1-0"]
[WhiteElo "2325"]
[BlackElo "2230"]
[PlyCount "117"]
[EventDate "1996.??.??"]

1. d4 Nf6 2. c4 g6 3. Nc3 Bg7 4. e4 d6 5. f3 O-O 6. Be3 e5 7. d5 c6 8. Qd2 cxd5
9. cxd5 Na6 10. Bd3 Bd7 11. Nge2 Nc5 12. Bc2 b5 13. b4 Na6 14. Rb1 Qb8 15. O-O
Rc8 16. Bd3 Be8 17. a3 Nc7 18. Nc1 Nd7 19. Nb3 Nb6 20. Na5 a6 21. Rfc1 Ra7 22.
Nc6 Bxc6 23. dxc6 Ra8 24. Qf2 Na4 25. Nxa4 bxa4 26. Bc4 Nb5 27. Bd5 Rc7 28. Qa2
Nd4 29. Qc4 Qb5 30. Kf2 Rac8 31. Bxd4 exd4 32. Qxb5 axb5 33. Ke2 Re7 34. Kd3
Kf8 35. f4 Ke8 36. g4 h6 37. Rf1 Bf6 38. Rbc1 Kd8 39. e5 dxe5 40. fxe5 Bxe5 41.
Rc5 Rb8 42. Bxf7 Kc7 43. Bxg6 Bxh2 44. Rh5 Bd6 45. Rxh6 Kxc6 46. Be4+ Kc7 47.
Rc1+ Kd7 48. Bf5+ Ke8 49. Rxd6 Re3+ 50. Kxd4 Rxa3 51. Rc7 Rb3 52. Bg6+ Kf8 53.
Rf6+ Kg8 54. Bf7+ Kg7 55. Rg6+ Kh7 56. Be8+ Kh8 57. Rh6+ Kg8 58. Bf7+ Kg7 59.
g5 1-0

[Event "Goetzis IM III A"]
[Site "?"]
[Date "1996.??.??"]
[Round "4"]
[White "Dorner, G."]
[Black "Gaertner, G."]
[Result "0-1"]
[WhiteElo "2180"]
[BlackElo "2380"]
[PlyCount "74"]
[EventDate "1996.??.??"]

1. e4 c6 2. c4 d5 3. cxd5 cxd5 4. Bb5+ Nc6 5. d4 a6 6. Ba4 b5 7. Bc2 Nb4 8. e5
Qc7 9. Na3 Bg4 10. Qxg4 Nxc2+ 11. Nxc2 Qxc2 12. Qe2 Rc8 13. Qxc2 Rxc2 14. Ne2
e6 15. Kd1 Rc8 16. Bd2 Kd7 17. Rc1 Ne7 18. Rxc8 Nxc8 19. Kc2 Na7 20. Kd3 Nc6
21. Rc1 Be7 22. f4 h5 23. f5 exf5 24. Nf4 Bg5 25. Nxd5 Bxd2 26. Nb6+ Kc7 27.
Nd5+ Kb7 28. Kxd2 Rd8 29. Rxc6 Rxd5 30. Rd6 Rxd6 31. exd6 Kc6 32. Ke3 g5 33. h4
f6 34. g3 Kxd6 35. b3 Kd5 36. Kd3 b4 37. Ke3 f4+ 0-1

[Event "Goetzis IM III A"]
[Site "?"]
[Date "1996.??.??"]
[Round "4"]
[White "Eiler, G."]
[Black "Donev, I."]
[Result "0-1"]
[WhiteElo "2080"]
[BlackElo "2400"]
[PlyCount "48"]
[EventDate "1996.??.??"]

1. e4 e5 2. Nf3 Nc6 3. d4 exd4 4. Nxd4 Bc5 5. Be3 Qf6 6. c3 Qg6 7. Qe2 Nxd4 8.
cxd4 Bb4+ 9. Bd2 Bxd2+ 10. Nxd2 Ne7 11. g3 O-O 12. Bg2 d5 13. e5 Bf5 14. Nf3
Bd3 15. Nh4 Qa6 16. Qd2 f6 17. Bf1 Bxf1 18. Rxf1 c5 19. f4 cxd4 20. exf6 Rxf6
21. Rf3 Rc8 22. Ra3 Qe6+ 23. Kf2 Qh3 24. Kg1 Rfc6 0-1

[Event "Goetzis IM III A"]
[Site "?"]
[Date "1996.??.??"]
[Round "4"]
[White "Mittelberger, P."]
[Black "Kelecevic, N."]
[Result "0-1"]
[WhiteElo "2265"]
[BlackElo "2475"]
[PlyCount "72"]
[EventDate "1996.??.??"]

1. e4 c5 2. Nf3 Nc6 3. d4 cxd4 4. Nxd4 Nf6 5. Nc3 d6 6. Be2 e6 7. Be3 Be7 8.
Qd2 a6 9. f4 Qc7 10. g4 Nd7 11. O-O-O Rb8 12. f5 Nde5 13. fxe6 fxe6 14. Rhf1
Nxd4 15. Qxd4 b5 16. h4 Bd7 17. g5 Rf8 18. Nb1 Rc8 19. c3 Rb8 20. Nd2 a5 21.
Kb1 Bc6 22. Bh5+ g6 23. Be2 Rxf1 24. Rxf1 Bf8 25. h5 Bg7 26. h6 Bh8 27. Bg4 Ke7
28. Bd1 Nc4 29. Qd3 Nxe3 30. Qxe3 Rf8 31. Rxf8 Kxf8 32. Bg4 Ke7 33. Nb3 Bd7 34.
Qd3 Qc5 35. Nd4 Qxg5 36. Qh3 Qf4 0-1

[Event "Goetzis IM III A"]
[Site "?"]
[Date "1996.??.??"]
[Round "4"]
[White "Poettinger, H."]
[Black "Zsinka, L."]
[Result "1/2-1/2"]
[WhiteElo "2255"]
[BlackElo "2325"]
[PlyCount "104"]
[EventDate "1996.??.??"]

1. e4 e5 2. Nc3 Nf6 3. g3 d5 4. exd5 Nxd5 5. Bg2 Nxc3 6. bxc3 Bd6 7. Nf3 O-O 8.
O-O Bg4 9. h3 Bh5 10. g4 Bg6 11. d4 Nc6 12. dxe5 Nxe5 13. Nd4 Nc6 14. f4 Nxd4
15. cxd4 f5 16. Bxb7 Rb8 17. Bg2 Bb4 18. Qf3 fxg4 19. hxg4 Bxc2 20. Be3 Re8 21.
Qd5+ Kf8 22. Qxd8 Rbxd8 23. Kf2 c5 24. dxc5 Rd3 25. Rac1 Ba4 26. Rc4 a5 27. Re4
Red8 28. Re5 Bc3 29. Rf5+ Kg8 30. Be4 R3d7 31. Rc1 g6 32. Rxc3 gxf5 33. Bxf5
Rc7 34. Be6+ Kg7 35. Ra3 Bd7 36. Rd3 Bxe6 37. Rxd8 Bxg4 38. Ra8 h5 39. Rxa5 h4
40. Ra6 Kf7 41. Rh6 Bf5 42. Bd4 Ke7 43. c6 Be4 44. Ke3 Rxc6 45. Rxh4 Bf5 46.
Rh5 Re6+ 47. Kf3 Bd3 48. Re5 Rxe5 49. Bxe5 Kd7 50. Ke3 Bb1 51. a4 Kc6 52. Kd4
Kb7 1/2-1/2

[Event "Goetzis IM III A"]
[Site "?"]
[Date "1996.??.??"]
[Round "4"]
[White "Sonnberger, R."]
[Black "Sulava, N."]
[Result "1/2-1/2"]
[WhiteElo "2230"]
[BlackElo "2430"]
[PlyCount "96"]
[EventDate "1996.??.??"]

1. e4 e6 2. d4 d5 3. Nd2 dxe4 4. Nxe4 Qd5 5. Bd3 Nc6 6. Nf3 Nb4 7. Bf4 Nf6 8.
Nxf6+ gxf6 9. Bxc7 Bd7 10. c4 Nxd3+ 11. Qxd3 Bb4+ 12. Ke2 Qc6 13. Bg3 Qa6 14.
a3 Be7 15. a4 Bc6 16. Rhd1 Rd8 17. b3 Rd7 18. Qe3 O-O 19. Rd3 Rfd8 20. Rad1 Qa5
21. Kf1 Bf8 22. Bh4 Qf5 23. d5 exd5 24. Nd4 Qg6 25. Qh3 dxc4 26. Rg3 Bg7 27.
Rxg6 hxg6 28. bxc4 Rxd4 29. Rxd4 Rxd4 30. Qc8+ Kh7 31. Bg3 Rxc4 32. Qh3+ Kg8
33. Qc8+ Kh7 34. Qh3+ Bh6 35. Bh4 g5 36. Qd3+ Re4 37. f3 gxh4 38. fxe4 Kg7 39.
Qd4 Bf4 40. h3 a6 41. Ke2 Be5 42. Qc4 Kg6 43. Ke3 Kg7 44. a5 Kg6 45. Qc5 Kg7
46. Qe7 Bc3 47. Kf4 Bd4 48. Kg4 Be5 1/2-1/2

[Event "Goetzis IM III A"]
[Site "?"]
[Date "1996.??.??"]
[Round "5"]
[White "Donev, I."]
[Black "Mittelberger, P."]
[Result "1-0"]
[WhiteElo "2400"]
[BlackElo "2265"]
[PlyCount "161"]
[EventDate "1996.??.??"]

1. e4 d6 2. d4 Nf6 3. Nc3 g6 4. Nf3 Bg7 5. h3 O-O 6. Be3 c6 7. a4 Nbd7 8. a5
Rb8 9. Bd3 b5 10. e5 Nd5 11. Nxd5 cxd5 12. exd6 exd6 13. O-O Nf6 14. Nd2 Re8
15. Qf3 h6 16. Rfe1 a6 17. Bf4 Bb7 18. Rxe8+ Nxe8 19. Nb3 Nf6 20. Re1 Rc8 21.
Qe3 Qd7 22. Qd2 g5 23. Bh2 Re8 24. Rxe8+ Nxe8 25. g4 Qe7 26. Qb4 Bc6 27. Nc1
Bd7 28. Ne2 Qf6 29. Kg2 h5 30. f3 hxg4 31. hxg4 Bf8 32. Qe1 Nc7 33. Qh1 Bg7 34.
Bg3 Ne8 35. Bf2 Qh6 36. Qc1 Nc7 37. Be3 Bf6 38. Ng3 Bd8 39. b3 Qf6 40. c3 Ne8
41. b4 Qh6 42. Nf5 Qf6 43. Qh1 Qh8 44. Qxh8+ Kxh8 45. Bf2 Bxf5 46. Bxf5 Kg7 47.
Bg3 Be7 48. Kf2 Nc7 49. Bc8 f6 50. f4 Kf7 51. Kf3 Kg7 52. Be1 Kf7 53. Bd7 Bd8
54. Bd2 Be7 55. Ke2 Bd8 56. Kd3 Be7 57. Kc2 Bd8 58. Kb2 Be7 59. Bc6 Bd8 60. Be3
Be7 61. Ka3 Bd8 62. f5 Be7 63. c4 dxc4 64. d5 Bd8 65. Bb6 Ke7 66. Bxc7 Bxc7 67.
Bb7 Bb8 68. Bxa6 Ba7 69. Bxb5 c3 70. Ba4 Kd8 71. Kb3 Bd4 72. Kc4 Be5 73. b5 Kc8
74. b6 Bg3 75. Kb5 Bf2 76. Kc6 Bc5 77. Bc2 Kb8 78. Bd3 Bb4 79. a6 Ka8 80. Kc7
Ba5 81. Bc2 1-0

[Event "Goetzis IM III A"]
[Site "?"]
[Date "1996.??.??"]
[Round "5"]
[White "Gaertner, G."]
[Black "Eiler, G."]
[Result "1-0"]
[WhiteElo "2380"]
[BlackElo "2080"]
[PlyCount "61"]
[EventDate "1996.??.??"]

1. d4 Nf6 2. c4 g6 3. Nc3 Bg7 4. e4 d6 5. h3 O-O 6. Be3 e5 7. d5 a5 8. Bd3 Na6
9. Nge2 Nc5 10. Bc2 c6 11. a3 cxd5 12. cxd5 Bd7 13. O-O h5 14. f4 Nh7 15. f5
Bf6 16. b4 axb4 17. axb4 Rxa1 18. Qxa1 Na6 19. Qa3 Bg5 20. Bf2 Qc7 21. Bd3 Qc8
22. Na4 Qe8 23. Nec3 gxf5 24. exf5 e4 25. Nxe4 Bf4 26. Nb6 f6 27. Re1 Qd8 28.
b5 Nc7 29. Nxd6 Bxd6 30. Qxd6 Bxb5 31. Qg3+ 1-0

[Event "Goetzis IM III A"]
[Site "?"]
[Date "1996.??.??"]
[Round "5"]
[White "Kelecevic, N."]
[Black "Sonnberger, R."]
[Result "1-0"]
[WhiteElo "2475"]
[BlackElo "2230"]
[PlyCount "63"]
[EventDate "1996.??.??"]

1. d4 Nf6 2. c4 g6 3. Nc3 Bg7 4. e4 d6 5. f3 O-O 6. Be3 e5 7. d5 c6 8. Bd3 b5
9. Nge2 b4 10. Nb1 Nh5 11. Qd2 c5 12. a3 Na6 13. g4 Nf4 14. Nxf4 exf4 15. Bxf4
Qf6 16. O-O Qxb2 17. Ra2 Bd4+ 18. Kg2 Qxd2+ 19. Nxd2 Be5 20. Bxe5 dxe5 21. Nb3
Bd7 22. Be2 Rfc8 23. axb4 Nxb4 24. Ra5 Nc2 25. Kf2 Rab8 26. Nxc5 Be8 27. Nd3
Rxc4 28. Nxe5 Ra4 29. Rxa4 Bxa4 30. Bd3 Nb4 31. Bc4 Rc8 32. Ra1 1-0

[Event "Goetzis IM III A"]
[Site "?"]
[Date "1996.??.??"]
[Round "5"]
[White "Sulava, N."]
[Black "Poettinger, H."]
[Result "1/2-1/2"]
[WhiteElo "2430"]
[BlackElo "2255"]
[PlyCount "160"]
[EventDate "1996.??.??"]

1. c4 e6 2. Nf3 d5 3. d4 Be7 4. Nc3 Nf6 5. Bg5 h6 6. Bxf6 Bxf6 7. e3 O-O 8. Rc1
c6 9. Bd3 dxc4 10. Bxc4 Nd7 11. O-O e5 12. h3 exd4 13. exd4 Re8 14. Qb3 Re7 15.
Rfe1 b5 16. Rxe7 Qxe7 17. Bd3 Nb6 18. Ne4 Be6 19. Qc2 Bd5 20. Re1 Qd8 21. Ne5
Rc8 22. Nc5 Bxe5 23. dxe5 Qg5 24. Be4 Re8 25. e6 fxe6 26. Bxd5 Qxd5 27. Qg6 Re7
28. b4 Nd7 29. Nxd7 Qxd7 30. Re5 Qd4 31. Rxe6 Qxb4 32. Rxc6 Re1+ 33. Kh2 Qf4+
34. Qg3 Qxg3+ 35. Kxg3 Ra1 36. Ra6 b4 37. Ra4 a5 38. f4 Kf7 39. Kh4 g6 40. g4
Kf6 41. Kg3 Ke6 42. Rxa5 Rg1+ 43. Kf2 Rh1 44. Kg2 Re1 45. Ra6+ Kf7 46. Ra4 Re2+
47. Kg3 Re3+ 48. Kg2 Re2+ 49. Kf3 Rh2 50. Kg3 Rb2 51. Ra7+ Kg8 52. f5 gxf5 53.
gxf5 b3 54. axb3 Rxb3+ 55. Kg4 h5+ 56. Kxh5 Rxh3+ 57. Kg6 Rg3+ 58. Kf6 Rf3 59.
Rg7+ Kf8 60. Ra7 Kg8 61. Ra8+ Kh7 62. Re8 Rf1 63. Re5 Kg8 64. Rd5 Rf2 65. Rb5
Rf1 66. Rb8+ Kh7 67. Rf8 Ra1 68. Rd8 Rf1 69. Ke6 Kg7 70. Rd7+ Kf8 71. Kf6 Kg8
72. Rd6 Rf2 73. Rd5 Rf1 74. Rd2 Rf3 75. Rg2+ Kf8 76. Kg6 Kg8 77. Re2 Rg3+ 78.
Kf6 Rf3 79. Ke6 Kg7 80. Re5 Rf2 1/2-1/2

[Event "Goetzis IM III A"]
[Site "?"]
[Date "1996.??.??"]
[Round "5"]
[White "Zsinka, L."]
[Black "Dorner, G."]
[Result "1-0"]
[WhiteElo "2325"]
[BlackElo "2180"]
[PlyCount "69"]
[EventDate "1996.??.??"]

1. d4 d5 2. c4 e6 3. Nc3 Be7 4. cxd5 exd5 5. Bf4 c6 6. e3 Bf5 7. g4 Bg6 8. h4
h6 9. Qb3 Qb6 10. Nf3 Nd7 11. Be2 Ngf6 12. Nd2 Rc8 13. Rc1 Nf8 14. Nb5 Ne6 15.
Nd6+ Bxd6 16. Bxd6 Qxb3 17. Nxb3 Ne4 18. Bh2 f5 19. f3 Nf6 20. Bd3 Nd8 21. gxf5
Bh5 22. O-O O-O 23. Nc5 Re8 24. Kf2 Kh8 25. Rg1 Bf7 26. b4 Rf8 27. Be5 b6 28.
Ba6 Ra8 29. Nb7 Be8 30. Nd6 Nh5 31. a4 Bd7 32. Rg6 Kh7 33. Rcg1 Rg8 34. Bd3 Nf6
35. Rxg7+ 1-0

[Event "Goetzis IM III A"]
[Site "?"]
[Date "1996.??.??"]
[Round "6"]
[White "Dorner, G."]
[Black "Sulava, N."]
[Result "1/2-1/2"]
[WhiteElo "2180"]
[BlackElo "2430"]
[PlyCount "70"]
[EventDate "1996.??.??"]

1. e4 c5 2. Nf3 e6 3. d3 Nc6 4. g3 d5 5. Nbd2 Nf6 6. Bg2 Be7 7. O-O b6 8. Re1
Bb7 9. h4 Qc7 10. e5 Nd7 11. Qe2 h6 12. Nf1 O-O-O 13. Bf4 Rdg8 14. Qd2 d4 15.
N1h2 g5 16. hxg5 hxg5 17. Bxg5 Ndxe5 18. Bxe7 Nxf3+ 19. Nxf3 Nxe7 20. Qe2 Nf5
21. Qe5 Qc6 22. Nh4 Nxh4 23. Bxc6 Nf3+ 24. Kg2 Bxc6 25. Qd6 Nxe1+ 26. Kf1 Bf3
27. Kxe1 Rh1+ 28. Kd2 Rxa1 29. c3 Rd8 30. Qf4 dxc3+ 31. Kxc3 Rc1+ 32. Qxc1 Be2
33. Qf4 Rxd3+ 34. Kc2 Rd7 35. Kc3 Rd3+ 1/2-1/2

[Event "Goetzis IM III A"]
[Site "?"]
[Date "1996.??.??"]
[Round "6"]
[White "Eiler, G."]
[Black "Mittelberger, P."]
[Result "0-1"]
[WhiteElo "2080"]
[BlackElo "2265"]
[PlyCount "58"]
[EventDate "1996.??.??"]

1. e4 d6 2. d4 Nf6 3. Nc3 g6 4. Nf3 Bg7 5. Be2 O-O 6. O-O c6 7. a4 Nbd7 8. h3
Qc7 9. Be3 b6 10. Qd2 Re8 11. Rfd1 Bb7 12. Nh2 Rad8 13. Ng4 a6 14. Nxf6+ Nxf6
15. Bf3 Nd7 16. Be2 b5 17. axb5 cxb5 18. Nd5 Qc8 19. Nb4 Nb6 20. b3 Bxe4 21.
Rxa6 Nd5 22. Bxb5 Qb7 23. c4 Nxb4 24. Qxb4 Bxg2 25. Qd2 Bxh3 26. d5 Rf8 27. Rc6
Bg4 28. Rb1 Bf3 29. Ba6 Qd7 0-1

[Event "Goetzis IM III A"]
[Site "?"]
[Date "1996.??.??"]
[Round "6"]
[White "Poettinger, H."]
[Black "Kelecevic, N."]
[Result "1/2-1/2"]
[WhiteElo "2255"]
[BlackElo "2475"]
[PlyCount "27"]
[EventDate "1996.??.??"]

1. e4 c5 2. d3 d5 3. exd5 Qxd5 4. Nc3 Qd7 5. Nf3 Nc6 6. g3 b6 7. Bg2 Bb7 8. O-O
e6 9. Bf4 Nge7 10. Re1 Ng6 11. Bd2 Be7 12. Ne4 h6 13. Bc3 O-O 14. h4 1/2-1/2

[Event "Goetzis IM III A"]
[Site "?"]
[Date "1996.??.??"]
[Round "6"]
[White "Sonnberger, R."]
[Black "Donev, I."]
[Result "1/2-1/2"]
[WhiteElo "2230"]
[BlackElo "2400"]
[PlyCount "59"]
[EventDate "1996.??.??"]

1. e4 e6 2. d4 d5 3. Nd2 dxe4 4. Nxe4 Bd7 5. Bd3 Bc6 6. Nf3 Nd7 7. O-O Bxe4 8.
Bxe4 c6 9. Re1 Ngf6 10. Bd3 Qc7 11. Bg5 Bd6 12. Bh4 O-O 13. Bg3 Bxg3 14. hxg3
c5 15. Qe2 Rfd8 16. c3 cxd4 17. Nxd4 a6 18. Rad1 Nc5 19. Rd2 Nxd3 20. Rxd3 Rd7
21. Red1 Rad8 22. Nf3 Rxd3 23. Rxd3 Rxd3 24. Qxd3 Qd7 25. Ne5 Qxd3 26. Nxd3 Nd7
27. c4 Kf8 28. f3 Ke7 29. Kf2 Kd6 30. Ke3 1/2-1/2

[Event "Goetzis IM III A"]
[Site "?"]
[Date "1996.??.??"]
[Round "7"]
[White "Donev, I."]
[Black "Poettinger, H."]
[Result "1-0"]
[WhiteElo "2400"]
[BlackElo "2255"]
[PlyCount "63"]
[EventDate "1996.??.??"]

1. e4 c5 2. c4 Nc6 3. Nc3 g6 4. g3 Bg7 5. Bg2 d6 6. d3 e5 7. Nge2 Nge7 8. Be3
a6 9. f4 Nd4 10. O-O O-O 11. Qd2 Rb8 12. Rf2 b5 13. Raf1 Nxe2+ 14. Rxe2 exf4
15. gxf4 Be6 16. b3 Qd7 17. Nd5 Nc6 18. f5 Bxd5 19. cxd5 Nd4 20. Ref2 f6 21.
Bh3 b4 22. Rg2 Kh8 23. Rg3 g5 24. Bg4 Qe7 25. h4 Bh6 26. hxg5 Bxg5 27. Bxg5
fxg5 28. Rh3 Qf6 29. Qh2 Rb7 30. Rh6 Qe5 31. Rxd6 Qxh2+ 32. Kxh2 1-0

[Event "Goetzis IM III A"]
[Site "?"]
[Date "1996.??.??"]
[Round "7"]
[White "Mittelberger, P."]
[Black "Sonnberger, R."]
[Result "1/2-1/2"]
[WhiteElo "2265"]
[BlackElo "2230"]
[PlyCount "59"]
[EventDate "1996.??.??"]

1. e4 e5 2. Nf3 Nf6 3. d4 Nxe4 4. dxe5 d5 5. Nbd2 Nxd2 6. Bxd2 Be7 7. Be2 O-O
8. O-O c5 9. c3 Qb6 10. Qc2 Nc6 11. Bf4 Bg4 12. Rad1 Rad8 13. Rd2 Rd7 14. Rfd1
Rfd8 15. Bd3 g6 16. h3 Bxf3 17. gxf3 Bf8 18. Bg5 Nxe5 19. Be4 f6 20. f4 dxe4
21. fxe5 Rxd2 22. Bxd2 fxe5 23. Bg5 Rxd1+ 24. Qxd1 Qe6 25. Qd8 Qxa2 26. Be7 Qf7
27. Bxc5 b6 28. Bxf8 Qxf8 29. Qd5+ Qf7 30. Qxe5 1/2-1/2